Computer Architecture and Organization (Record no. 4245)
[ view plain ]
| 000 -LEADER | |
|---|---|
| fixed length control field | 00350nam a2200145Ia 4500 |
| 008 - FIXED-LENGTH DATA ELEMENTS--GENERAL INFORMATION | |
| fixed length control field | 191201s2009 xx 000 0 und d |
| 082 ## - DEWEY DECIMAL CLASSIFICATION NUMBER | |
| Classification number | 004.22 |
| Item number | GOC |
| 100 ## - MAIN ENTRY--PERSONAL NAME | |
| Personal name | Govindarajalu,B |
| 245 #0 - TITLE STATEMENT | |
| Title | Computer Architecture and Organization |
| 250 ## - EDITION STATEMENT | |
| Edition statement | REP |
| 260 ## - PUBLICATION, DISTRIBUTION, ETC. (IMPRINT) | |
| Place of publication, distribution, etc | N.Delhi |
| Name of publisher, distributor, etc | TMH |
| Date of publication, distribution, etc | 2009 |
| 300 ## - PHYSICAL DESCRIPTION | |
| Extent | 698 |
| 650 ## - SUBJECT ADDED ENTRY--TOPICAL TERM | |
| Topical term or geographic name as entry element | B.Tech(IT) |
| 942 ## - ADDED ENTRY ELEMENTS (KOHA) | |
| Source of classification or shelving scheme | Dewey Decimal Classification |
| Koha item type | Text Books |
| 942 ## - ADDED ENTRY ELEMENTS (KOHA) | |
| -- | 1 |
| Withdrawn status | Lost status | Source of classification or shelving scheme | Damaged status | Not for loan | Collection code | Home library | Current library | Date acquired | Source of acquisition | Cost, normal purchase price | Bill Number | Total Checkouts | Full call number | Acc. no. / Barcode | Date last seen | Date last borrowed | Bill Date | Koha item type | Checked out |
|---|---|---|---|---|---|---|---|---|---|---|---|---|---|---|---|---|---|---|---|
| Dewey Decimal Classification | B.Tech(IT) | PIET C-LIBRARY | PIET C-LIBRARY | 07/01/2010 | J B C, New Delhi | 450.00 | SI-3952 | 3 | 004.22 GOC | 14224 | 09/12/2024 | 21/11/2024 | 26/12/2009 | Text Books | |||||
| Dewey Decimal Classification | B.Tech(IT) | PIET C-LIBRARY | PIET C-LIBRARY | 07/01/2010 | J B C, New Delhi | 450.00 | SI-3952 | 004.22 GOC | 14225 | 04/12/2019 | 26/12/2009 | Text Books | |||||||
| Dewey Decimal Classification | B.Tech(IT) | PIET C-LIBRARY | PIET C-LIBRARY | 07/01/2010 | J B C, New Delhi | 450.00 | SI-3952 | 1 | 004.22 GOC | 14226 | 01/12/2021 | 10/11/2021 | 26/12/2009 | Text Books | |||||
| Dewey Decimal Classification | B.Tech(IT) | PIET C-LIBRARY | PIET C-LIBRARY | 07/01/2010 | J B C, New Delhi | 450.00 | SI-3952 | 1 | 004.22 GOC | 14227 | 04/11/2024 | 21/10/2024 | 26/12/2009 | Text Books | |||||
| Dewey Decimal Classification | B.Tech(IT) | PIET C-LIBRARY | PIET C-LIBRARY | 07/01/2010 | J B C, New Delhi | 450.00 | SI-3952 | 2 | 004.22 GOC | 14228 | 07/02/2024 | 07/02/2024 | 26/12/2009 | Text Books | 21/02/2024 | ||||
| Dewey Decimal Classification | B.Tech(IT) | PIET C-LIBRARY | PIET C-LIBRARY | 07/01/2010 | J B C, New Delhi | 450.00 | SI-3952 | 1 | 004.22 GOC | 14229 | 04/10/2024 | 20/09/2024 | 26/12/2009 | Text Books | |||||
| Dewey Decimal Classification | B.Tech(IT) | PIET C-LIBRARY | PIET C-LIBRARY | 07/01/2010 | J B C, New Delhi | 450.00 | SI-3952 | 004.22 GOC | 14230 | 04/12/2019 | 26/12/2009 | Text Books |